Т. 2: Технические науки; Молодые ученые и специалисты - народному хозяйству

Chi tiết về thư mục
Parent link:Молодые ученые и специалисты - народному хозяйству: материалы региональной научно-практической конференции, Томск, 1977 г./ Томский межотраслевой территориальный центр НТИ. Т. 2: Технические науки.— , 1977
Tác giả của công ty: Молодые ученые и специалисты - народному хозяйству Региональная научно-практическая конференция
Ngôn ngữ:Tiếng Nga
Được phát hành: 1977
Những chủ đề:
Định dạng: Sách
KOHA link:https://koha.lib.tpu.ru/cgi-bin/koha/opac-detail.pl?biblionumber=25906

MARC

LEADER 00000nam2a2200000 4500
001 25906
005 20231030201227.0
035 |a (RuTPU)RU\TPU\book\26144 
035 |a BOOK00000060 
090 |a 25906 
100 |a 20011209d1977 k y0rusy50 ca 
101 0 |a rus 
102 |a RU 
105 |a a z 110zy 
200 0 |a Т. 2: Технические науки 
210 |d 1977 
215 |a 185 с.  |c ил. 
461 1 |0 (RuTPU)RU\TPU\book\245264  |t Молодые ученые и специалисты - народному хозяйству  |o материалы региональной научно-практической конференции, Томск, 1977 г.  |f Томский межотраслевой территориальный центр НТИ  |v Т. 2: Технические науки  |d 1977 
610 1 |a народное хозяйство 
610 1 |a машиностроение 
610 1 |a теплоэнергетика 
610 1 |a дефектоскопия 
610 1 |a строительство 
610 1 |a молодые ученые 
610 1 |a конференции 
675 |a 62(063)  |v 3 
712 1 2 |a Молодые ученые и специалисты - народному хозяйству  |b Региональная научно-практическая конференция  |e Томск  |f 1977 
801 0 |a RU  |b 63413507  |c 20011209  |g PSBO 
801 2 |a RU  |b 63413507  |c 20140218  |g PSBO 
942 |c BK